000 00485nam a2200181Ia 4500
008 100917s9999 xx 000 0 und d
082 _b43136
100 _aपाटील देवदत्त
245 _aव्याध
260 _bदुर्गा बुक स्टॉल
_c1980
300 _a364
365 _b35
520 _aकादंबरी
630 _aव्याध
650 _aकादंबरी
730 _aव्याध
942 _cBOOK
999 _c648530
_d648527